[Event "AUTO-BEG-237"]
[Site "http://www.queenalice.com/game.php?id=441391"]
[Date "2008.7.30"]
[Round "1"]
[White "ribeiro_eb"]
[Black "mplandshark"]
[Result "1-0"]
[WhiteElo "1378"]
[BlackElo "1071"]

1. e4 c5 2. d4 cxd4 3. Qxd4 Nc6 4. Qe3 e5 5. Nf3 d6 6. Bb5 Nf6 7. Nc3 Bd7 8. O-O
Be7 9. Bd2 O-O 10. Nd5 Nb8 11. Bxd7 Nbxd7 12. Qb3 Nc5 13. Rae1 Nxb3 14. axb3
Nxd5 15. c4 Nf6 16. b4 b6 17. b3 a6 18. Ra1 1-0

[Event "AUTO-BEG-237"]
[Site "http://www.queenalice.com/game.php?id=441392"]
[Date "2008.7.30"]
[Round "1"]
[White "mplandshark"]
[Black "ribeiro_eb"]
[Result "0-1"]
[WhiteElo "1067"]
[BlackElo "1382"]

1. e4 e5 2. Nf3 Nc6 3. d4 d6 4. dxe5 dxe5 5. Qxd8+ Kxd8 6. Bc4 Be6 7. Bxe6 fxe6
8. Nc3 Bb4 9. Bd2 Nge7 10. a3 Bxc3 11. bxc3 Rf8 12. Bg5 h6 13. Be3 g5 14. Rd1+
Ke8 15. h3 Rd8 16. O-O Rxd1 0-1

[Event "Challenge"]
[Site "http://www.queenalice.com/game.php?id=442363"]
[Date "2008.8.1"]
[Round "-"]
[White "ribeiro_eb"]
[Black "danote"]
[Result "0-1"]
[WhiteElo "1399"]
[BlackElo "1450"]

1. e4 e5 2. Nf3 f6 3. d3 Nc6 4. Nc3 Nge7 5. d4 d6 6. Bc4 exd4 7. Nxd4 Nxd4 8.
Qxd4 c5 9. Qe3 Qc7 10. O-O f5 11. exf5 Bxf5 12. Nd5 Qd7 13. c3 O-O-O 14. b4 Be6
15. Qe4 Bf5 16. Qe3 Ng6 17. bxc5 Qa4 18. Bb3 Qg4 19. Qh3 Qe4 20. Qf3 Qe5 21. Bg5
Be7 22. Rfe1 Be4 23. Qg4+ Kb8 24. Rxe4 Qxg5 25. Rae1 dxc5 26. Nxe7 h6 27. Rd1
Ne5 28. Qh3 Qxe7 29. f4 Rhf8 30. Rf1 Qf6 31. g3 Ng6 32. Bc2 Qxc3 33. Rf2 Qf6 34.
f5 Ne5 35. g4 c4 36. Qf3 Nxf3+ 37. Rxf3 Qh4 38. Rxc4 Rd2 39. Rf1 Qxh2# 0-1

[Event "Challenge"]
[Site "http://www.queenalice.com/game.php?id=442627"]
[Date "2008.8.2"]
[Round "-"]
[White "PH_gga"]
[Black "ribeiro_eb"]
[Result "0-1"]
[WhiteElo "1451"]
[BlackElo "1387"]

1. e4 e5 2. Bc4 c6 3. Qf3 d5 4. exd5 Ne7 5. dxc6 Nbxc6 6. Qxf7+ Kd7 7. Nc3 Qe8
8. Qe6+ Kc7 9. Nb5+ Kb6 10. Qd6 Nf5 11. Qd3 Qd7 12. Qxd7 Bxd7 13. d3 Na5 14. Nc3
Nxc4 15. dxc4 Bc5 16. Bg5 Nd4 17. O-O-O Rhf8 18. Nh3 h6 19. Bh4 g5 20. Na4+ Bxa4
21. Bg3 Bxc2 22. Rd2 Bf5 23. Bxe5 Rfd8 24. f3 Nc6 25. Rxd8 Rxd8 26. Rd1 Be3+ 27.
Rd2 Bxd2+ 28. Kd1 Nxe5 29. Nf2 Nxc4 30. Ng4 Ne3+ 31. Nxe3 Bxe3+ 32. Ke2 Re8 33.
g4 Bd7 34. a4 Bd4+ 35. Kd3 Kc5 36. b4+ Kd5 37. a5 Re3+ 38. Kd2 Kc4 39. f4 gxf4
40. h4 Bxg4 41. b5 Bc3+ 0-1

[Event ":)"]
[Site "http://www.queenalice.com/game.php?id=462343"]
[Date "2008.9.13"]
[Round "-"]
[White "andre_ramos"]
[Black "ribeiro_eb"]
[Result "1/2-1/2"]
[WhiteElo "1829"]
[BlackElo "1385"]

1. e4 e5 2. Nf3 Nf6 3. Nxe5 Nxe4 4. Qe2 d5 5. d3 Nd6 6. Nc6+ Be7 7. Nxd8 Kxd8 8.
Nc3 Nc6 9. Nxd5 Bg5 10. Bxg5+ f6 1/2-1/2

[Event "Challenge"]
[Site "http://www.queenalice.com/game.php?id=496031"]
[Date "2008.11.20"]
[Round "-"]
[White "nekaun"]
[Black "ribeiro_eb"]
[Result "1-0"]
[WhiteElo "1486"]
[BlackElo "1484"]

1. e4 e5 2. Nf3 Nc6 3. d4 d6 4. Bg5 Be7 5. h4 h6 6. Qd3 hxg5 7. h5 Bg4 8. Be2
Rxh5 9. Nh2 Bxe2 10. Qxe2 g6 11. c3 Qd7 12. Qg4 f5 13. exf5 Rh4 14. Qe2 Qxf5 15.
g3 Re4 16. g4 Qf4 17. f3 Rxe2+ 18. Kxe2 exd4 19. c4 Nb4 20. Nd2 Nc2 21. Rac1
Qe3+ 22. Kd1 1-0